| 000 | 00417nam a2200145Ia 4500 | ||
|---|---|---|---|
| 005 | 20250508160035.0 | ||
| 008 | 008 250505s9999 xx 000 0 eng d | ||
| 037 | _aBooks to be hide in OPAC | ||
| 040 |
_aFEDL _beng _cFEDL |
||
| 041 |
_aeng _2eng |
||
| 084 |
_a378.547, LAH/O _qFEDL |
||
| 245 | 0 | _aAnnual report, aitchison college, 1916-17 | |
| 942 |
_cHB _h378.547, LAH/O |
||
| 999 |
_c1361337 _d1361337 |
||